000 00586nam a22001817a 4500
999 _c160314
_d160314
005 20190124164236.0
010 _aB-713089
020 _a9788192757001
_c650.00
035 _aB-713089
037 _bTrans-India Book Distributors
082 _a920
100 _aTripathi, Satya Prakash Mani
245 _aSardar Patel:
_bthe iron man of India
_cby Satya Prakash Mani Tripathi
260 _aNew Delhi
_bTrans-India Book Distributors
_c2015
300 _a206p.
_c22cm
942 _2ddc
_cEN
_h920
_mTRI